Základné právo podnikať, ústavný princíp ochrany hospodárskej súťaže a voľnosť vstupu na trh

Voľnosť vstupu na trh: spoločný obsah základného práva podnikať a základného ústavného princípu ochrany hospodárskej súťaže. Možnosť odlišnosti účelov uplatnenia voľnosti vstupu na trh pri aplikácii základného práva podnikať a základného ústavného princípu ochrany hospodárskej súťaže. Odlišnosť okru...

Full description

Saved in:
Bibliographic Details
Main Author: Lapšanský, Lukáš
Format: Book Chapter
Language:Slovak
Subjects:
Tags: Add Tag
No Tags, Be the first to tag this record!

MARC

LEADER 00000naa a2200000 4500
001 0313544
005 20251210083954.3
041 0 |a slo 
044 |a SK 
245 1 0 |a Základné právo podnikať, ústavný princíp ochrany hospodárskej súťaže a voľnosť vstupu na trh  |c Lukáš Lapšanský 
520 |a Voľnosť vstupu na trh: spoločný obsah základného práva podnikať a základného ústavného princípu ochrany hospodárskej súťaže. Možnosť odlišnosti účelov uplatnenia voľnosti vstupu na trh pri aplikácii základného práva podnikať a základného ústavného princípu ochrany hospodárskej súťaže. Odlišnosť okruhov subjektov dotknutých uplatnením alebo porušením voľnosti vstupu na trh pri aplikácii základného práva podnikať a základného ústavného princípu ochrany hospodárskej súťaže. 
610 2 0 |a podnikanie 
610 2 0 |a podpora podnikania 
610 2 0 |a súťaž hospodárska 
610 2 0 |a ochrana súťaže hospodárskej 
610 2 0 |a právo ústavné 
610 2 0 |a trhy 
100 1 |a Lapšanský, Lukáš